Las Ordenanzas locales en el vigente derecho espaǫl alcance y articulacin̤ con la normativa estatal y autonm̤ica /

Bibliographic Details
Main Author: Bello Paredes, Santiago A.
Corporate Authors: Instituto Nacional de Administracin̤ Pb︢lica (Espaą), Universidad de Burgos
Format: Book
Language:Spanish
Published: Madrid : [Burgos] : Instituto Nacional de Administracin̤ Pb︢lica ; Universidad de Burgos, 2002
Edition:1® ed.
Series:Estudios (Instituto Nacional de Administracin̤ Pb︢lica (Espaą))
Subjects:
Online Access:Acceso restringido

MARC

LEADER 00000nam a2200000 a 4500
005 20120925165047.0
007 cr|||| ||||
008 030603s2002 sp |||||| 000 ||spa|c
017 |a DL M. 54736-2002 
020 |a 8470887300 (Instituto Nacional de Administracin̤ Pb︢lica) 
020 |a 8495211645 (Universidad de Burgos) 
035 |a 6623 
040 |a vLex 
090 |c 3468  |d 3468 
100 1 |a Bello Paredes, Santiago A. 
245 1 4 |a Las Ordenanzas locales en el vigente derecho espaǫl  |h [Recurso electrn̤ico] :  |b alcance y articulacin̤ con la normativa estatal y autonm̤ica /  |c Santiago A. Bello Paredes 
250 |a 1® ed. 
256 |a Servicio en ln̕ea 
260 |a Madrid :  |b Instituto Nacional de Administracin̤ Pb︢lica ;  |a [Burgos] :  |b Universidad de Burgos,  |c 2002 
300 |a 1 recurso electrn̤ico 
490 1 |a Estudios 
504 |a Bibliogr.: p. 247-265 
506 1 |a Contenido solo disponible en los productos indicados  |d vLex Global   |d vLex Global (Academic Edition, excluding Law Schools)   |d vLex Global (U.S. Academic Edition, Law Schools)   |d vLex Global (U.S. Academic Edition, excluding Law Schools)   |d vLex Global (Academic Edition, Law Schools)  
650 0 4 |a Ordenanzas municipales  |z Espaą 
710 2 |a Instituto Nacional de Administracin̤ Pb︢lica (Espaą) 
710 2 |a Universidad de Burgos 
740 0 |a vLex Libros (Servicio en ln̕ea) 
830 0 |a Estudios (Instituto Nacional de Administracin̤ Pb︢lica (Espaą)) 
856 |u http://vlex.com/source/ordenanzas-locales-vigente-derecho-espa-ol-6623  |z Acceso restringido 
942 |c BOOK 
999 0 |a Ordinances, Municipal